000 00751cab a2200253 4500
001 ABS68815
008 050316n2005 000 0 eng u
035 _a(Sirsi) u129069
245 _aFocus 3: Scotland
260 _c2005
490 _aEstates Gazette
_v(0510) 12 March 2005, 109-131(11)
590 _aABS
650 _aPROPERTY-COMMERCIAL PROPERTY-RETAIL PROPERTY-RETAIL PROPERTY MARKET
650 _aSCOTLAND
650 _aABERDEEN
650 _aGLASGOW
650 _aEDINBURGH
650 _aPROPERTY-COMMERCIAL PROPERTY-OFFICE PROPERTY-OFFICE PROPERTY MARKET
650 _aINDUSTRIAL MARKET
650 _aINVESTMENT MARKET
650 _aSHEDS
690 _aPROPERTY-COMMERCIAL PROPERTY-COMMERCIAL PROPERTY MARKET
942 _n0
999 _c74925
_d74925